00626nam a2200181Ia 4500952012300000999001700123003000400140005001700144008004100161040000900202082001800211100002800229245006000257260005600317300000900373650002000382942004200402 00102ddc40708ISLAMaMESbMEScISLd2019-02-20l0o297.63 HAM/Mp18622r2019-02-20 00:00:00w2019-02-20yBKzGL46R3 c22241d22241OSt20200207104316.0190216s9999||||xx |||||||||||||| ||und|| coclc a297.63bHAM/M aHameed, M Shahul 91887 0aMohammed Nabiyude Jeevitha Santhesam /cM Shahul Hameed bDepartment Of Cultural Publications,c1987.aKochi: a264p aIslamic History cBK2ddch297.63iHAM/Mk297.63mHAM/M